000 00416nam a2200181Ia 4500
001 16929
005 20260306170347.0
008 260306t2002||||xx |||||||||||||| ||und||
041 _aESP
082 _a657.3
_bLL757
100 _aLlorente Ramos, Augusto
_eAUT
245 0 _aGestión financiera
260 _c2002
300 _a585 páginas :
_c
650 _aGEN
654 _aCCO
942 _cLIB
_dJUS
_fJUS
_2ddc
_n
999 _c16929
_d16929